Perspectivas de la universidad contemporánea para 1980.

সংরক্ষণ করুন:
গ্রন্থ-পঞ্জীর বিবরন
প্রধান লেখক: Ricoeur, Paul (autor)
বিন্যাস: গ্রন্থ
ভাষা:স্প্যানিশ
মালা:(Deslinde ; no. 7)
বিষয়গুলি:
ট্যাগগুলো: ট্যাগ যুক্ত করুন
কোনো ট্যাগ নেই, প্রথমজন হিসাবে ট্যাগ করুন!

MARC

LEADER 00000cam^a2200000uu^4500
001 000486425
005 20250521000000.0
008 031809s1972^^^^^^^^^^^^rd^r^^000^0^spa^d
009 20260310125222.468
035 |a FCE 000029580 
035 |a FCE 030567 
037 |a Acervo ITESO - Biblioteca 
041 |a spa 
082 0 4 |a 378.008  |b DES 7/72 
100 |a Ricoeur, Paul  |e (autor) 
245 1 0 |a Perspectivas de la universidad contemporánea para 1980. 
264 |a México :  |b UNAM : CESU,  |c 1972. 
300 |a 24 p. 
336 |a texto  |b txt  |2 rdacontenido 
337 |a sin mediación  |b n  |2 rdamedio 
338 |a volumen  |b nc  |2 rdasoporte 
440 0 |a (Deslinde ;  |v no. 7) 
649 |a XX 
650 |a Innovación educativa 
650 |a Universidad 
650 |a Autonomía 
650 |a Crisis 
650 |a Libertad académica 
650 |a Francia 
650 |a Estados Unidos 
650 |a Alemania 
650 |a URSS 
650 |a Reino Unido 
910 |a Fondo Centro de Estudios Educativos 
920 |a Impresos - Libros 
930 |a Fondos Especiales 
905 |a 133 
901 |a ALE030567  |b IT2  |c CEE  |u 20250521 
901 |a ALE040669  |b IT2  |c CEE  |u 20250521 
901 |a ALE040670  |b IT2  |c CEE  |u 20250521 
902 |a https://opac.biblio.iteso.mx/vufind/Record/000486425